Contenidos programaticos en educación para la salud para el nivel primario
Uloženo v:
| Korporativní autor: | |
|---|---|
| Médium: | Kniha |
| Jazyk: | španělština |
| Vydáno: |
Quito
Ministerio de Educación y Cultura
1989
|
| Témata: | |
| Tagy: |
Přidat tag
Žádné tagy, Buďte první, kdo vytvoří štítek k tomuto záznamu!
|
MARC
| LEADER | 00000nam a2200000 a 4500 | ||
|---|---|---|---|
| 001 | UCT0956 | ||
| 003 | CL-VaPUC | ||
| 008 | 960913e19890000EC |||||||||||||||||spa|d | ||
| 082 | 0 | 4 | |a 371.7 |b REP |2 21 |
| 110 | 2 | |a República del Ecuador |e author |9 369580 | |
| 245 | 1 | 0 | |a Contenidos programaticos en educación para la salud para el nivel primario |
| 300 | |a 40 p | ||
| 942 | |c BK | ||
| 945 | |d 19960913 00:00:00 |a rleighto | ||
| 260 | |a Quito |b Ministerio de Educación y Cultura |c 1989 | ||
| 650 | 7 | |a EDUCACION SANITARIA |2 CL-VaPUC |9 339099 | |
| 650 | 7 | |a EDUCACION Y SALUD |2 CL-VaPUC |9 369581 | |
| 650 | 0 | |a Educación básica |9 224933 | |
| 650 | 0 | |a Salud |9 258663 | |
| 650 | 0 | |a Salud pública |9 258913 | |
| 650 | 0 | |a Bienestar social |9 255298 | |
| 650 | 0 | |a Alimentación |9 334197 | |
| 651 | 0 | |a Ecuador |9 258378 | |
| 583 | |a last modification |c 19960913 00:00:00 |k Rodrigo Vera | ||
| 999 | |c 251638 |d 251636 | ||
| 952 | |0 0 |1 0 |4 0 |6 371_700000000000000_REP_1989 |7 0 |8 P |9 270949 |a BIBEDU |b BIBEDU |c BIBEDU_PB |d 2019-11-19 |i 3229084 |o 371.7 REP 1989 |p 3229084 |r 2024-01-25 |w 2019-11-19 |y BK |k EDU | ||